| 000 | 00950nam a22003137a 4500 | ||
|---|---|---|---|
| 003 | CHAP | ||
| 005 | 20220329134430.0 | ||
| 008 | 971013s1955 r 00010 d | ||
| 010 | _a20414 | ||
| 011 | _a21386 | ||
| 035 | _a25476 | ||
| 040 | _cCHAP | ||
| 082 |
_a575 _bD62e |
||
| 100 | 0 | 0 |
_aDobzhansky, Theodosius. _933148 |
| 245 | _aEvolution, genetics and man | ||
| 260 |
_aNew York : _bWiley, _c1955 |
||
| 300 |
_a398 p. _b: ilus. |
||
| 590 |
_aBATCH-UPD _b10 _c20130110 _lUCH01 _h1627 |
||
| 590 |
_aBATCH-UPD _b10 _c20130410 _lUCH01 _h1021 |
||
| 590 |
_aBATCH-UPD _b10 _c20130914 _lUCH01 _h1335 |
||
| 590 |
_aCONVERSION _b10 _c20130109 _lUCH01 _h1312 |
||
| 650 | 1 | 4 |
_aEvolución. _939007 |
| 650 | 1 | 4 |
_aGenética. _947469 |
| 650 | 1 | 4 |
_aHombre _xOrigen. _956042 |
| 901 | _aBK | ||
| 942 | _cLIBRO | ||
| 949 |
_a575 D62e _bBC _cLIBRO _d33724000478103 _eLIBRO _h26651 _i25476 _sb |
||
| 949 |
_a575 D62e _bBC _cLIBRO _d33724000478129 _eLIBRO _fc.2 _h15991 _i25476 _si |
||
| 999 |
_c20414 _d20414 |
||